000 00359nam a2200133 i 4500
001 bg
100 1 _aTOPOLEWSKI, Zygmunt
245 0 _aOchrona informacji w procesie przedtwarzania i teletransmisji danych /
_cZygmunt Topolewski.
260 _aWrocław,
_c1988.
040 _cBPK
041 _apol
942 _cKS
008 s pl f |000 0 pol
999 _c28624
_d28624
856 _uhttp://koha.tu.koszalin.pl/cgi-bin/koha/opac-detail.pl?biblionumber=28624
_yKatalog online BPK